Report on independent administrative agencies: a framework for decision making
| Autor Corporativo: | |
|---|---|
| Tipo de documento: | Print Libro |
| Lenguaje: | Inglés |
| Publicado: |
Ottawa [u.a.]
Law Reform Commission of Canada
1985
|
| En: |
Report / Law Reform Commission of Canada (26)
Año: 1985 |
| Disponibilidad en Tübingen: | Disponible en Tübingen. UB: KB 8 E 407 |
| Verificar disponibilidad: | HBZ Gateway |
| Servicio de pedido Subito: | Pedir ahora. |
MARC
| LEADER | 00000cam a2200000 c 4500 | ||
|---|---|---|---|
| 001 | 272191868 | ||
| 003 | DE-627 | ||
| 005 | 20220512120214.0 | ||
| 007 | tu | ||
| 008 | 990101s1985 xx ||||| 00| ||eng c | ||
| 020 | |a 0662537483 |9 0-662-53748-3 | ||
| 035 | |a (DE-627)272191868 | ||
| 035 | |a (DE-576)021146357 | ||
| 035 | |a (DE-599)GBV272191868 | ||
| 035 | |a (OCoLC)246435252 | ||
| 035 | |a (OCoLC)311292186 | ||
| 040 | |a DE-627 |b ger |c DE-627 |e rakwb | ||
| 041 | |a eng | ||
| 245 | 0 | 0 | |a Report on independent administrative agencies |b a framework for decision making |
| 246 | 1 | |i Parallelt. |a Rapport sur les organismes administratifs autonomes | |
| 246 | 1 | |i Nebent. |a Independent administrative agencies | |
| 246 | 3 | 3 | |a Rapport sur les organismes administratifs autonomes |
| 246 | 3 | 3 | |a Independent administrative agencies |
| 264 | 1 | |a Ottawa [u.a.] |b Law Reform Commission of Canada |c 1985 | |
| 300 | |a 101, 111 S | ||
| 336 | |a Text |b txt |2 rdacontent | ||
| 337 | |a ohne Hilfsmittel zu benutzen |b n |2 rdamedia | ||
| 338 | |a Band |b nc |2 rdacarrier | ||
| 490 | 1 | |a Report / Law Reform Commission of Canada |v 26 | |
| 500 | |a Parallelt.: Les organismes administratifs autonomes. - Text engl. u. franz | ||
| 583 | 1 | |a Archivierung prüfen |c 20200919 |f DE-640 |z 2 |2 pdager | |
| 710 | 2 | |a Law Reform Commission of Canada |0 (DE-588)16174-3 |0 (DE-627)100494404 |0 (DE-576)190252022 |4 oth | |
| 810 | 2 | |a Law Reform Commission of Canada |t Report / Law Reform Commission of Canada |v 26 |9 26 |w (DE-627)165779756 |w (DE-576)016415477 |w (DE-600)15281-X |7 am | |
| 951 | |a BO | ||
| ELC | |b 1 | ||
| LOK | |0 000 xxxxxcx a22 zn 4500 | ||
| LOK | |0 001 3341465723 | ||
| LOK | |0 003 DE-627 | ||
| LOK | |0 004 272191868 | ||
| LOK | |0 005 19900726000000 | ||
| LOK | |0 008 900726||||||||||||||||ger||||||| | ||
| LOK | |0 040 |a DE-21 |c DE-627 |d DE-21 | ||
| LOK | |0 852 |a DE-21 | ||
| LOK | |0 852 1 |c KB 8 E 407 |9 00 | ||
| LOK | |0 935 |a krim | ||
| LOK | |0 936ln |a k1 | ||
| LOK | |0 939 |a 26-07-90 |b l01 | ||
| ORI | |a SA-MARC-krimdoka001.raw | ||
| SIG | |a UB: KB 8 E 407 | ||
